| 000 | 00968 a2200205 4500 | ||
|---|---|---|---|
| 001 | 121806 | ||
| 020 | _a9780545279741 | ||
| 040 | _cEscola Canadense de Niteroi | ||
| 090 | _aL3 - GER | ||
| 100 | _aGeras, Adèle | ||
| 245 | 1 | 0 | _aLittle ballet star |
| 260 | _aNew York | ||
| 300 |
_a32 p. _c2 x 0.37 x 11.2 inches |
||
| 362 | 0 | _a2008 | |
| 520 | _aReaders are invited to join Tilly for her special birthday treat as she discovers the bustle and excitement behind the scenes at a real ballet performance. From backstage warm-ups, to a trip to the dressing room, to an unexpected wardrobe change?Tilly is just like a real ballerina. The only thing that could make her day even more thrilling? The chance to shine on stage! This charming story captures the delight and anticipation of attending an actual ballet, and makes a perfect gift for every aspiring ballerina. | ||
| 650 | 4 | _aBallet | |
| 650 | 4 | _aDance | |
| 650 | 4 | _aChildren's Literature | |
| 942 | _cBK | ||
| 999 |
_c121806 _d121806 |
||